Statistics for BIG 10 College Football Teams

Click here to take the quiz!

General Stats

  • This quiz has been taken 431 times
    (55 since last reset)
  • The average score is 16 of 18

Answer Stats

SchoolTeam Name/Colors% Correct
IllinoisFighting Illini
98%
MichiganWolverines
95%
IndianaHoosiers
93%
IowaHawkeyes
93%
Penn StateNittany Lions
93%
Michigan StateSpartans
90%
Ohio StateBuckeyes
90%
PurdueBoilermakers
90%
NebraskaCornhuskers
88%
OregonDucks
88%
WisconsinBadgers
86%
MinnesotaGolden Gophers
83%
MarylandTerrapins
81%
UCLABruins
81%
USCTrojans
81%
NorthwesternWildcats
79%
RutgersScarlet Knights
79%
WashingtonHuskies
76%

Score Distribution

Percentile by Number Answered

Percent of People with Each Score

Your Score History

You have not taken this quiz since the last reset